000 00934 a2200217 4500
999 _c4874
_d4874
020 _a0521585422 (pbk.)
050 0 0 _aQA 174 JOH 1997
100 1 _aJohnson, D. L.
_eauthor
245 1 0 _aPresentations of groups /
_cD.L. Johnson.
250 _a2nd ed.
264 _aLondon:
_bCambridge University Press
_c1997
300 _ax, 216 p. :
_bill. ;
440 0 _aLondon Mathematical Society student texts ;
500 _aIncludes bibliographical references (p. 201-209) and index.
504 _aIncludes bibliographical references (p. 201-209) and index.
650 0 _aPresentations of groups (Mathematics)
856 4 2 _3Publisher description
_uhttp://www.loc.gov/catdir/description/cam028/96036823.html
856 4 1 _3Table of contents
_uhttp://www.loc.gov/catdir/toc/cam027/96036823.html
942 _2lcc
_cBK
_e2nd
_h174
_iJOH
_kQA